[Event "ch-GER DEM Women 2020"]
[Site "Magdeburg GER"]
[Date "2020.08.22"]
[Round "9.4"]
[White "Just, A."]
[Black "Osmanodja, F."]
[Result "0-1"]
[WhiteElo "1912"]
[BlackElo "2293"]
[PlyCount "88"]
[EventDate "2020.08.16"]
[EventType "swiss"]
[EventRounds "9"]
[EventCountry "GER"]
[SourceTitle "Updates"]
[Source "OMOTB"]
[SourceDate "2020.10.26"]
[SourceVersion "3"]
[SourceVersionDate "2020.10.27"]
[SourceQuality "2"]

1. e4 c5 2. Nf3 d6 3. d4 cxd4 4. Nxd4 Nf6 5. Nc3 Nc6 6. Be2 e5 7. Nb3 Be7 8.
O-O O-O 9. f4 a5 10. a4 Nb4 11. Be3 Bd7 12. h3 Bc6 13. Bd3 b6 14. Nd2 exf4 15.
Bxf4 d5 16. e5 Nxd3 17. cxd3 Ne8 18. Qg4 Nc7 19. Nf3 Ne6 20. Bd2 Bb7 21. Nb5
Bc8 22. Qg3 Ba6 23. Kh1 Bxb5 24. axb5 Qd7 25. Be3 Qxb5 26. Nd4 Nxd4 27. Bxd4
Bc5 28. Bc3 d4 29. Bd2 Kh8 30. Rf2 Qxb2 31. Raf1 Qb3 32. Rf5 a4 33. Rh5 Be7 34.
Rf4 Qd1+ 35. Be1 Qxh5 36. Rxd4 a3 37. Rg4 a2 38. Bc3 a1=Q+ 39. Bxa1 Rxa1+ 40.
Kh2 Bc5 41. d4 Ra3 42. Qf4 Ra4 43. Rg5 Rxd4 44. Qg3 Qh6 0-1

[Event "Online Olym Top DivA 2020"]
[Site "chess.com INT"]
[Date "2020.08.21"]
[Round "1.3"]
[White "Medina, W."]
[Black "Osmanodja, F."]
[Result "1-0"]
[WhiteElo "2360"]
[BlackElo "2293"]
[PlyCount "125"]
[EventDate "2020.08.21"]
[EventType "team (rapid)"]
[EventRounds "9"]
[SourceTitle "Updates"]
[Source "OMOTB"]
[SourceDate "2020.10.26"]
[SourceVersion "3"]
[SourceVersionDate "2020.10.27"]
[SourceQuality "2"]
[WhiteTeam "Indonesia"]
[BlackTeam "Germany"]
[WhiteTeamCountry "INA"]
[BlackTeamCountry "GER"]

1. e4 c5 2. Nf3 d6 3. d4 cxd4 4. Nxd4 Nf6 5. Nc3 Nc6 6. Be2 e5 7. Nb3 Be7 8.
O-O O-O 9. Re1 a5 10. a4 Nb4 11. Bf3 Qc7 12. Nd2 Bd7 13. Nf1 Bc6 14. Ne3 Rac8
15. Nf5 Rfd8 16. Bg5 h6 17. Bh4 Kh7 18. Qd2 Ng8 19. Bxe7 Nxe7 20. Bg4 Rb8 21.
Rac1 Nxf5 22. Bxf5+ g6 23. Bg4 d5 24. exd5 Nxd5 25. Nxd5 Rxd5 26. Qc3 f5 27.
Be2 Rbd8 28. b3 Qe7 29. Bc4 Rd4 30. Qxa5 Qg5 31. Bf1 e4 32. Qc7+ R4d7 33. Qg3
Qf6 34. h4 f4 35. Qh3 Rd2 36. h5 Bd7 37. hxg6+ Qxg6 38. Qc3 Bf5 39. Qe5 f3 40.
Qe7+ Kh8 41. Qe5+ Kh7 42. Qe7+ Qg7 43. Qxg7+ Kxg7 44. gxf3 exf3 45. Bc4 Kf6 46.
Re3 Bg4 47. Bd3 Rg8 48. Kf1 Bf5 49. Rxf3 Rxd3 50. cxd3 Ke5 51. Re3+ Kd4 52. Ke2
Bg4+ 53. Kd2 Bd7 54. Rc4+ Kd5 55. Rh4 Rf8 56. Rxh6 Rxf2+ 57. Kc3 Bc6 58. Rg3
Rf5 59. Rhg6 Kc5 60. R3g5 Rxg5 61. Rxg5+ Kb6 62. d4 Kc7 63. d5 1-0

[Event "Titled Tue 18th Aug"]
[Site "chess.com INT"]
[Date "2020.08.18"]
[Round "4"]
[White "Bordi, K."]
[Black "Benkovic, P."]
[Result "1-0"]
[WhiteElo "2288"]
[BlackElo "2399"]
[PlyCount "75"]
[EventDate "2020.08.18"]
[EventType "swiss (blitz)"]
[EventRounds "10"]
[SourceTitle "Updates"]
[Source "OMOTB"]
[SourceDate "2020.10.26"]
[SourceVersion "3"]
[SourceVersionDate "2020.10.27"]
[SourceQuality "2"]

1. e4 c5 2. Nf3 d6 3. d4 cxd4 4. Nxd4 Nf6 5. Nc3 Nc6 6. Be2 e5 7. Nb3 Be7 8.
O-O O-O 9. Be3 a5 10. a4 Nb4 11. Qd2 Bd7 12. Nb5 Nxe4 13. Qd1 Bc6 14. f3 Nf6
15. c3 Nbd5 16. Bf2 Nf4 17. Qd2 d5 18. Rfd1 Qc8 19. Bf1 Qf5 20. Re1 Qg6 21. Bg3
N6h5 22. Rxe5 Nxg3 23. Qxf4 Bxb5 24. Rxe7 Nh5 25. Qg4 Bxf1 26. Qxg6 hxg6 27.
Kxf1 Rfe8 28. Rxb7 Reb8 29. Nxa5 Re8 30. Nc6 Nf4 31. a5 Nd3 32. b4 Re6 33. b5
Rae8 34. g3 Re2 35. Ne7+ R8xe7 36. Rxe7 Rxe7 37. a6 Nc5 38. a7 1-0

[Event "Titled Tue 18th Aug"]
[Site "chess.com INT"]
[Date "2020.08.18"]
[Round "4"]
[White "Salem, AR."]
[Black "Gabrielian, A."]
[Result "1-0"]
[WhiteElo "2682"]
[BlackElo "2463"]
[PlyCount "81"]
[EventDate "2020.08.18"]
[EventType "swiss (blitz)"]
[EventRounds "10"]
[SourceTitle "Updates"]
[Source "OMOTB"]
[SourceDate "2020.10.26"]
[SourceVersion "3"]
[SourceVersionDate "2020.10.27"]
[SourceQuality "2"]

1. e4 c5 2. Nf3 d6 3. d4 cxd4 4. Nxd4 Nf6 5. Nc3 Nc6 6. Be2 e5 7. Nb3 Be7 8.
O-O O-O 9. Bf3 a5 10. Be3 a4 11. Nd2 a3 12. b3 Be6 13. Nd5 Bxd5 14. exd5 Nb4
15. c4 Nd7 16. Be2 b6 17. Nb1 f5 18. Bd2 Na6 19. Nxa3 e4 20. Nb5 Bf6 21. Rc1 f4
22. Bxf4 Ne5 23. Nd4 Nc5 24. Nc6 Qe8 25. Bxe5 Bxe5 26. b4 Nd7 27. a4 Rf6 28.
Bg4 Rh6 29. g3 Nf6 30. Be6+ Kh8 31. Nxe5 dxe5 32. c5 bxc5 33. Rxc5 Nh5 34. Qg4
Nf4 35. Rfc1 Rg6 36. Rc8 Rxc8 37. Rxc8 Qxc8 38. Bxc8 Rxg4 39. Bxg4 Nxd5 40. b5
Nf4 41. gxf4 1-0

[Event "Online Olym Div2 B 2020"]
[Site "chess.com INT"]
[Date "2020.08.16"]
[Round "9.4"]
[White "Sandu, Mi"]
[Black "Verbin, Valentina"]
[Result "0-1"]
[WhiteElo "2268"]
[BlackElo "1982"]
[PlyCount "74"]
[EventDate "2020.08.14"]
[EventType "team"]
[EventRounds "7"]
[SourceTitle "Updates"]
[Source "OMOTB"]
[SourceDate "2020.10.26"]
[SourceVersion "3"]
[SourceVersionDate "2020.10.27"]
[SourceQuality "2"]
[WhiteTeam "Romania"]
[BlackTeam "Moldova"]
[WhiteTeamCountry "ROU"]
[BlackTeamCountry "MDA"]

1. e4 c5 2. Nf3 d6 3. d4 cxd4 4. Nxd4 Nf6 5. Nc3 Nc6 6. Be2 e5 7. Nf3 h6 8. O-O
Be7 9. Re1 Be6 10. h3 O-O 11. Bf1 Rc8 12. Nd5 Bxd5 13. exd5 Nb8 14. c4 a6 15.
b4 Nbd7 16. c5 Qc7 17. c6 Nb6 18. b5 axb5 19. Bxb5 Nbxd5 20. cxb7 Qxb7 21. Bf1
Nc3 22. Qd2 Nfe4 23. Qe3 d5 24. Nxe5 Bc5 25. Qf3 Bxf2+ 26. Kh1 Bxe1 27. Bxh6
gxh6 28. Rxe1 Qc7 29. Qg4+ Kh8 30. Qf4 Qd6 31. Bd3 Qf6 32. Qxf6+ Nxf6 33. Bf5
Rce8 34. g4 Nce4 35. Nf3 Ng3+ 36. Kg2 Rxe1 37. Nxe1 Nxf5 0-1

[Event "Online Olym Div2 A 2020"]
[Site "chess.com INT"]
[Date "2020.08.16"]
[Round "7.3"]
[White "Medina, W."]
[Black "Ryjanova, J."]
[Result "1-0"]
[WhiteElo "2360"]
[BlackElo "2299"]
[PlyCount "197"]
[EventDate "2020.08.14"]
[EventType "team"]
[EventRounds "7"]
[SourceTitle "Updates"]
[Source "OMOTB"]
[SourceDate "2020.10.26"]
[SourceVersion "3"]
[SourceVersionDate "2020.10.27"]
[SourceQuality "2"]
[WhiteTeam "Indonesia"]
[BlackTeam "Australia"]
[WhiteTeamCountry "INA"]
[BlackTeamCountry "AUS"]

1. e4 c5 2. Nf3 Nc6 3. d4 cxd4 4. Nxd4 Nf6 5. Nc3 d6 6. Be2 e5 7. Nb3 Be7 8.
O-O O-O 9. Re1 a5 10. a4 Nb4 11. Bf3 Be6 12. Nd5 Nfxd5 13. exd5 Bf5 14. Be4 Qc8
15. c3 Bxe4 16. Rxe4 Qf5 17. f3 Na6 18. Be3 Bd8 19. Bf2 Qd7 20. Nd2 Rc8 21. Re2
f5 22. Rc1 Bg5 23. b3 Nc5 24. Rb1 Nd3 25. Nc4 Nxf2 26. Kxf2 Bd8 27. Kg1 b5 28.
axb5 Rb8 29. Kh1 Rxb5 30. Na3 Rb7 31. Nc4 Rb5 32. Na3 Rb7 33. c4 Bb6 34. Nb5
Bc5 35. g3 h6 36. Kg2 Kh7 37. Qd3 g6 38. h4 Kg7 39. Ra1 Bb4 40. Rf1 Qd8 41. f4
e4 42. Qe3 Bc5 43. Qc3+ Kh7 44. Ra1 Bb4 45. Qb2 Qf6 46. Qxf6 Rxf6 47. g4 Rf8
48. h5 Re7 49. hxg6+ Kxg6 50. Kg3 fxg4 51. Kxg4 h5+ 52. Kg3 Rg8 53. Rh1 Kf5+
54. Kf2 Bc5+ 55. Kf1 Kxf4 56. Reh2 e3 57. Ke2 Re5 58. Nc3 Rg3 59. Rf1+ Kg4 60.
Rf8 h4 61. Rg8+ Kf5 62. Rh8 Rg4 63. R8xh4 Rxh4 64. Rxh4 Kg5 65. Rh2 Rf5 66. Nd1
Re5 67. Rh3 Kg4 68. Rf3 Re4 69. Nxe3+ Kg5 70. Kd3 Rd4+ 71. Kc2 Re4 72. Nd1 a4
73. Nc3 axb3+ 74. Kxb3 Re8 75. Nb5 Re1 76. Nc7 Rb1+ 77. Kc2 Rb4 78. Kc3 Ra4 79.
Rf8 Ra3+ 80. Kb2 Ra4 81. Ne6+ Kg6 82. Nxc5 dxc5 83. Kb3 Rb4+ 84. Kc3 Rb1 85.
Rc8 Rc1+ 86. Kb3 Rb1+ 87. Kc2 Rb7 88. Rxc5 Kf6 89. Kc3 Ke7 90. Rc6 Rb1 91. Kd4
Kd7 92. Ra6 Rb8 93. Ra7+ Kd8 94. d6 Rb1 95. Kc5 Rc1 96. Kd5 Kc8 97. c5 Kb8 98.
Rh7 Kc8 99. Kc6 1-0

[Event "Online Olym Div2 D 2020"]
[Site "chess.com INT"]
[Date "2020.08.15"]
[Round "5.5"]
[White "Mencos, C."]
[Black "Kanyamarala, Trisha"]
[Result "0-1"]
[WhiteElo "1977"]
[BlackElo "2193"]
[PlyCount "106"]
[EventDate "2020.08.14"]
[EventType "team"]
[EventRounds "7"]
[SourceTitle "Updates"]
[Source "OMOTB"]
[SourceDate "2020.10.26"]
[SourceVersion "3"]
[SourceVersionDate "2020.10.27"]
[SourceQuality "2"]
[WhiteTeam "Guatemala"]
[BlackTeam "Ireland"]
[WhiteTeamCountry "GUA"]
[BlackTeamCountry "IRL"]

1. e4 c5 2. Nf3 d6 3. d4 cxd4 4. Nxd4 Nf6 5. Nc3 Nc6 6. Be2 e5 7. Nb3 Be7 8.
O-O O-O 9. f4 a6 10. a4 b6 11. Be3 Bb7 12. Bf3 Nb4 13. a5 Nd7 14. Kh1 b5 15.
Qd2 Nc5 16. Ne2 Nc6 17. Ng3 exf4 18. Bxf4 Ne6 19. Be3 Ne5 20. Bb6 Qd7 21. Nf5
Nc4 22. Nxe7+ Qxe7 23. Qb4 Ng5 24. Nd2 Nxd2 25. Qxd2 Nxe4 26. Qd4 Qh4 27. Bxe4
Qxe4 28. Qxe4 Bxe4 29. c3 Rfe8 30. Kg1 d5 31. Rad1 Rac8 32. Rfe1 h6 33. Kf2 Re6
34. Re3 Rf6+ 35. Kg1 Rg6 36. g3 Rc4 37. b4 f5 38. Rf1 Rcc6 39. Bd4 Rc8 40. Rf4
Rgc6 41. h3 g5 42. Rf2 Re6 43. Kh2 Rce8 44. Rfe2 f4 45. gxf4 gxf4 46. Rg2+ Bxg2
47. Rxe6 Rxe6 48. Kxg2 Kf7 49. Kf3 Re4 50. h4 Kg6 51. Bh8 Kf5 52. Bd4 Rxd4 53.
cxd4 h5 0-1

[Event "Online Olym Div3 C 2020"]
[Site "chess.com INT"]
[Date "2020.08.09"]
[Round "9.5"]
[White "Musonda Chola"]
[Black "Salman, Samer"]
[Result "0-1"]
[WhiteElo "2230"]
[BlackElo "1741"]
[PlyCount "140"]
[EventDate "2020.08.07"]
[EventType "team (rapid)"]
[EventRounds "9"]
[SourceTitle "Updates"]
[Source "OMOTB"]
[SourceDate "2020.10.26"]
[SourceVersion "3"]
[SourceVersionDate "2020.10.27"]
[SourceQuality "2"]
[WhiteTeam "Zambia"]
[BlackTeam "Lebanon"]
[WhiteTeamCountry "ZAM"]
[BlackTeamCountry "LBN"]

1. e4 c5 2. Nf3 Nc6 3. d4 cxd4 4. Nxd4 Nf6 5. Nc3 d6 6. Bc4 e6 7. Be2 e5 8. Nb3
Be7 9. g4 Be6 10. g5 Nd7 11. h4 f5 12. exf5 Bxf5 13. Be3 Nb6 14. Bd3 Qd7 15.
Bxb6 axb6 16. Nd5 Bxd3 17. Qxd3 Bd8 18. a3 O-O 19. O-O-O Na5 20. Nd2 Rc8 21.
Ne4 Rc4 22. c3 Nb3+ 23. Kb1 Qc6 24. Nxd6 Rc5 25. Ne4 Rc4 26. Rhg1 Kh8 27. Nd6
Rxh4 28. Rh1 Bxg5 29. Rxh4 Bxh4 30. Rh1 Qxd6 31. Rxh4 e4 32. Rxe4 Nc5 33. Qd4
Nxe4 34. Qxe4 Qg6 35. Qxg6 hxg6 36. f4 Rf5 37. Ne7 Rf6 38. Kc2 Kh7 39. Nd5 Rf5
40. c4 b5 41. b3 bxc4 42. bxc4 g5 43. fxg5 Rxg5 44. Kc3 Kg6 45. a4 Kf7 46. Kd4
Ke6 47. Kc5 Rg4 48. Nc7+ Kd7 49. Nd5 Rg1 50. Nb6+ Kc7 51. Nd5+ Kb8 52. Ne3 g5
53. a5 g4 54. Kd4 Ka7 55. Ke4 Ka6 56. Kf4 g3 57. Kf3 Kxa5 58. Nd5 Rc1 59. Kxg3
Rxc4 60. Kf2 b5 61. Ke3 b4 62. Kd3 Rh4 63. Kc2 Ka4 64. Kb2 Rh2+ 65. Kc1 Ka3 66.
Nb6 Ka2 67. Nd5 b3 68. Nc3+ Ka1 69. Kd1 b2 70. Ke1 b1=Q+ 0-1

[Event "Titled Tue 4th Aug 10am"]
[Site "chess.com INT"]
[Date "2020.08.04"]
[Round "10"]
[White "Quparadze, G."]
[Black "Alekseenko, K."]
[Result "1/2-1/2"]
[WhiteElo "2463"]
[BlackElo "2696"]
[PlyCount "150"]
[EventDate "2020.08.04"]
[EventType "swiss (blitz)"]
[EventRounds "10"]
[SourceTitle "Updates"]
[Source "OMOTB"]
[SourceDate "2020.10.26"]
[SourceVersion "3"]
[SourceVersionDate "2020.10.27"]
[SourceQuality "2"]

1. e4 c5 2. Nf3 Nc6 3. d4 cxd4 4. Nxd4 Nf6 5. Nc3 d6 6. Be2 e5 7. Nf3 h6 8. O-O
Be7 9. h3 O-O 10. Re1 Be6 11. Bf1 Nb8 12. b3 Qa5 13. Bb2 Rc8 14. Qd2 Qc7 15.
Rac1 Nbd7 16. Nd5 Nxd5 17. exd5 Bf5 18. Bd3 Bxd3 19. Qxd3 Nc5 20. Qe2 f5 21.
Nd4 Bg5 22. Nxf5 Bxc1 23. Bxc1 Rf8 24. Qg4 Kh7 25. Be3 b6 26. Ng3 Qd7 27. Qe2
Qf7 28. c4 a5 29. Qc2+ Qg6 30. Qxg6+ Kxg6 31. Bxc5 bxc5 32. Ne4 Rfd8 33. Nc3
Rf8 34. Nb5 Rf6 35. a4 Kf7 36. g3 Ke7 37. f4 Rf5 38. Nc7 Rb8 39. Re3 Kd7 40.
Ne6 exf4 41. gxf4 g5 42. fxg5 hxg5 43. Rg3 Re5 44. Kf2 Rf5+ 45. Kg2 Rg8 46. h4
g4 47. Ng5 Rf4 48. Ne6 Re4 49. Rd3 g3 50. Rxg3 Rxg3+ 51. Kxg3 Ke7 52. h5 Kf6
53. Nc7 Re3+ 54. Kf4 Rxb3 55. Nb5 Rb4 56. Nxd6 Rxa4 57. Ne4+ Ke7 58. Ke5 Rxc4
59. h6 Rc1 60. h7 Rh1 61. Nxc5 Rh5+ 62. Kd4 Rxh7 63. Nb7 a4 64. Nc5 Kd6 65.
Ne4+ Kc7 66. Nc3 Rh4+ 67. Kc5 a3 68. Nb5+ Kd7 69. Nxa3 Rh1 70. Nc4 Rc1 71. Kd4
Ra1 72. Ne5+ Kd6 73. Nc4+ Kd7 74. Nb6+ Kd6 75. Nc4+ Kd7 1/2-1/2

[Event "Online Olym Base A 2020"]
[Site "chess.com INT"]
[Date "2020.07.27"]
[Round "7.2"]
[White "Salim Mohammed, Salim Al Amri"]
[Black "Prudente, Elmer"]
[Result "1/2-1/2"]
[WhiteElo "1926"]
[BlackElo "1991"]
[PlyCount "82"]
[EventDate "2020.07.25"]
[EventType "team (rapid)"]
[EventRounds "9"]
[SourceTitle "Updates"]
[Source "OMOTB"]
[SourceDate "2020.10.26"]
[SourceVersion "3"]
[SourceVersionDate "2020.10.27"]
[SourceQuality "2"]
[WhiteTeam "Oman"]
[BlackTeam "Guam"]
[WhiteTeamCountry "OMN"]
[BlackTeamCountry "GMA"]

1. e4 c5 2. Nf3 Nc6 3. d4 cxd4 4. Nxd4 Nf6 5. Nc3 d6 6. Be2 e5 7. Nf5 Bxf5 8.
exf5 d5 9. Bg5 d4 10. Ne4 Be7 11. Bxf6 Bxf6 12. Qd2 Be7 13. a3 O-O 14. O-O Qb6
15. g4 Rac8 16. Bd3 Nb8 17. f4 f6 18. fxe5 fxe5 19. g5 Nd7 20. Qg2 Bd8 21. f6
Qc6 22. Rf3 Bb6 23. Qh3 g6 24. f7+ Kh8 25. Raf1 Rc7 26. Qh6 Qe6 27. Kh1 a6 28.
Rf6 Qd5 29. Rxg6 Rxf7 30. Rxf7 Qxf7 31. Rxb6 Nxb6 32. Qxb6 Qf3+ 33. Kg1 Rf7 34.
h3 Qe3+ 35. Kg2 Qf3+ 36. Kh2 Qf4+ 37. Kg1 Qe3+ 38. Kg2 Qf3+ 39. Kh2 Qf4+ 40.
Kh1 Qf3+ 41. Kg1 Qe3+ 1/2-1/2

[Event "TCh-GER Online Liga 1 GpD"]
[Site "PlayChess INT"]
[Date "2020.07.21"]
[Round "5.4"]
[White "Krastev, Alexander"]
[Black "Kopp, Bj"]
[Result "1/2-1/2"]
[WhiteElo "2340"]
[BlackElo "2209"]
[PlyCount "149"]
[EventDate "2020.06.29"]
[EventType "team (rapid)"]
[EventRounds "7"]
[SourceTitle "Updates"]
[Source "OMOTB"]
[SourceDate "2020.10.26"]
[SourceVersion "3"]
[SourceVersionDate "2020.10.27"]
[SourceQuality "2"]
[WhiteTeam "Biebertaler SF"]
[BlackTeam "SK Landau"]

1. e4 c5 2. Nf3 Nc6 3. d4 cxd4 4. Nxd4 Nf6 5. Nc3 d6 6. Be2 e5 7. Nb3 Be7 8.
O-O O-O 9. Bg5 Nxe4 10. Nxe4 Bxg5 11. Qxd6 Be7 12. Qxd8 Rxd8 13. c3 b6 14. Rfd1
Bb7 15. Ng3 g6 16. Nf1 f5 17. a4 Rxd1 18. Rxd1 Rd8 19. Ra1 Bd6 20. Ne3 Bc7 21.
f3 Kg7 22. Kf2 Kf6 23. h4 a6 24. g4 Ne7 25. Bc4 h6 26. Ke2 h5 27. g5+ Kg7 28.
Nd2 Bb8 29. Bd3 Bd6 30. b4 Rc8 31. Ndc4 Bc7 32. Nd2 Bb8 33. Rc1 Rd8 34. b5 a5
35. Bc2 Bc7 36. Nb3 Nd5 37. Nxd5 Bxd5 38. Nd2 Kf7 39. Bb3 Be6 40. Rd1 Bxb3 41.
Nxb3 Rxd1 42. Kxd1 Ke6 43. c4 e4 44. fxe4 fxe4 45. Ke2 Kf5 46. c5 bxc5 47. Nxc5
Bg3 48. Nb7 Bxh4 49. Nxa5 Bxg5 50. Nc4 h4 51. b6 h3 52. Kf2 Ke6 53. a5 h2 54.
Kg2 e3 55. b7 e2 56. b8=Q h1=Q+ 57. Kxh1 e1=Q+ 58. Kg2 Qe4+ 59. Kg3 Qd3+ 60.
Kg2 Qe4+ 61. Kg3 Bh4+ 62. Kh3 Qh1+ 63. Kg4 Qe4+ 64. Qf4 Qxf4+ 65. Kxf4 Kd5 66.
a6 Bf2 67. Ne5 g5+ 68. Kf5 g4 69. Nxg4 Bd4 70. Ne5 Kd6 71. Nd3 Kc6 72. Ke6 Kb6
73. Nb4 Bc5 74. Nd3 Kxa6 75. Nxc5+ 1/2-1/2

[Event "Titled Tuesday 30th June"]
[Site "chess.com INT"]
[Date "2020.06.30"]
[Round "5"]
[White "Berdychevaskaya, N."]
[Black "Luo, Terry"]
[Result "1-0"]
[WhiteElo "2208"]
[BlackElo "2124"]
[PlyCount "109"]
[EventDate "2020.06.30"]
[EventType "swiss (blitz)"]
[EventRounds "10"]
[SourceTitle "Updates"]
[Source "OMOTB"]
[SourceDate "2020.10.26"]
[SourceVersion "3"]
[SourceVersionDate "2020.10.27"]
[SourceQuality "2"]

1. e4 c5 2. Nf3 d6 3. d4 cxd4 4. Nxd4 Nf6 5. Nc3 Nc6 6. Be2 e5 7. Nf3 h6 8. O-O
Be7 9. Re1 O-O 10. h3 Be6 11. Bf1 a6 12. Nd5 Rc8 13. Be3 Bxd5 14. exd5 Nb8 15.
c4 Nbd7 16. b4 Nh7 17. Qb3 f5 18. Rad1 Nhf6 19. c5 Kh8 20. c6 bxc6 21. Bxa6
Nxd5 22. Bxc8 Qxc8 23. b5 N7f6 24. bxc6 Qxc6 25. Nh4 Nxe3 26. Ng6+ Kh7 27.
Nxf8+ Bxf8 28. Qxe3 e4 29. Qf4 d5 30. Qxf5+ Kh8 31. Rc1 Qa4 32. Rc8 Qb4 33.
Rec1 d4 34. Rxf8+ Qxf8 35. Rc8 Qxc8 36. Qxc8+ Kh7 37. Qf5+ Kh8 38. g4 d3 39.
Qf4 Nd5 40. Qd2 Nb6 41. Kf1 Nc4 42. Qc3 Nd6 43. Ke1 Kh7 44. Kd2 e3+ 45. Kxe3
Nf7 46. Qxd3+ Kh8 47. Kf4 Ng5 48. h4 Ne6+ 49. Kf5 Nf8 50. Qd8 Kg8 51. g5 g6+
52. Kf6 h5 53. f3 Kh7 54. Qe7+ Kh8 55. Qg7# 1-0

[Event "Titled Tuesday 30th June"]
[Site "chess.com INT"]
[Date "2020.06.30"]
[Round "5"]
[White "Womacka, M."]
[Black "Paiva, Henrique M A Alberg"]
[Result "1-0"]
[WhiteElo "2435"]
[BlackElo "2070"]
[PlyCount "91"]
[EventDate "2020.06.30"]
[EventType "swiss (blitz)"]
[EventRounds "10"]
[SourceTitle "Updates"]
[Source "OMOTB"]
[SourceDate "2020.10.26"]
[SourceVersion "3"]
[SourceVersionDate "2020.10.27"]
[SourceQuality "2"]

1. e4 c5 2. Nf3 d6 3. d4 cxd4 4. Nxd4 Nf6 5. Nc3 Nc6 6. Be2 e5 7. Nf3 h6 8. O-O
Be7 9. Re1 O-O 10. h3 Be6 11. Bf1 Qa5 12. Bd2 Qb6 13. Na4 Qc7 14. c4 Nd4 15.
Nxd4 exd4 16. Bf4 Qc6 17. Rc1 Nxe4 18. Qxd4 Qxa4 19. Qxe4 Qxa2 20. Bd3 g6 21.
Bxh6 Rfe8 22. Qd4 Bf8 23. Bxf8 Rxf8 24. Be4 Rac8 25. Ra1 Qxc4 26. Qxc4 Rxc4 27.
Bxb7 Rb4 28. Rxa7 Rxb2 29. Be4 d5 30. Bxg6 fxg6 31. Rxe6 Rfxf2 32. Rxg6+ Kf8
33. Rd7 Rbd2 34. h4 d4 35. h5 Rf5 36. h6 Rd1+ 37. Kh2 Rh5+ 38. Kg3 Rdh1 39. Ra6
Ke8 40. Rb7 Rd5 41. Ra8+ Rd8 42. Rxd8+ Kxd8 43. h7 Kc8 44. Rg7 d3 45. Rg8+ Kb7
46. h8=Q 1-0

[Event "Titled Tuesday 30th June"]
[Site "chess.com INT"]
[Date "2020.06.30"]
[Round "4"]
[White "Bharath, Subramaniyam H"]
[Black "Chernov, Mi2"]
[Result "1/2-1/2"]
[WhiteElo "2437"]
[BlackElo "2213"]
[PlyCount "105"]
[EventDate "2020.06.30"]
[EventType "swiss (blitz)"]
[EventRounds "10"]
[SourceTitle "Updates"]
[Source "OMOTB"]
[SourceDate "2020.10.26"]
[SourceVersion "3"]
[SourceVersionDate "2020.10.27"]
[SourceQuality "2"]

1. e4 c5 2. Nf3 Nc6 3. d4 cxd4 4. Nxd4 Nf6 5. Nc3 d6 6. Be2 e5 7. Nf3 h6 8. O-O
Be7 9. Re1 O-O 10. h3 Be6 11. Bf1 Nb8 12. Nd5 Nxd5 13. exd5 Bf5 14. c4 Nd7 15.
b3 Bg6 16. Bb2 Rc8 17. Rc1 Bh5 18. Be2 f5 19. Qc2 Bxf3 20. Bxf3 e4 21. Be2 Bf6
22. Bf1 Bxb2 23. Qxb2 b6 24. b4 Qg5 25. Kh1 Rce8 26. c5 bxc5 27. Bb5 Ne5 28.
Bxe8 Nd3 29. Qc2 Rxe8 30. bxc5 dxc5 31. Rcd1 Nxe1 32. Rxe1 Qe7 33. Qc4 Qd6 34.
Rc1 e3 35. fxe3 Rxe3 36. Rf1 Re4 37. Qd3 Qe5 38. d6 Rd4 39. Qxf5 Qxf5 40. Rxf5
Rxd6 41. Rxc5 Ra6 42. Rc2 Ra3 43. Kh2 Kf7 44. Kg1 Kf6 45. Kf2 h5 46. Kg1 g5 47.
Kh2 h4 48. Rc6+ Kf5 49. Rc5+ Kf4 50. Rc4+ Kf5 51. Rc5+ Kf4 52. Rc2 Kf5 53. Rc5+
1/2-1/2

[Event "FISCA Online Open 2020"]
[Site "chess.com INT"]
[Date "2020.06.27"]
[Round "8.21"]
[White "Kumaran, Charan"]
[Black "Arya, Nirag Shah"]
[Result "1/2-1/2"]
[WhiteElo "1355"]
[BlackElo "1909"]
[PlyCount "106"]
[EventDate "2020.06.19"]
[EventType "swiss"]
[EventRounds "9"]
[SourceTitle "Updates"]
[Source "OMOTB"]
[SourceDate "2020.10.26"]
[SourceVersion "3"]
[SourceVersionDate "2020.10.27"]
[SourceQuality "2"]

1. e4 c5 2. Nf3 d6 3. d4 Nf6 4. Nc3 cxd4 5. Nxd4 Nc6 6. Be2 e5 7. Nb3 Be7 8.
Be3 O-O 9. O-O a5 10. f4 a4 11. Nd2 exf4 12. Bxf4 Qb6+ 13. Kh1 Qxb2 14. Nb5 Qb4
15. Be3 Be6 16. a3 Qa5 17. Bc4 Ne5 18. Bxe6 fxe6 19. c4 Nfg4 20. Qe2 Nxe3 21.
Qxe3 Nxc4 22. Nxc4 Qxb5 23. Rfc1 Rac8 24. Rab1 Qg5 25. Qb6 Qc5 26. Qxc5 Rxc5
27. Nb6 Rxc1+ 28. Rxc1 Bg5 29. Rd1 Bf4 30. g3 Be5 31. Kg2 Kf7 32. Rc1 Re8 33.
Rc4 Re7 34. Rxa4 Rc7 35. Rb4 Bc3 36. Rb5 Bd4 37. a4 Bxb6 38. Rxb6 Rd7 39. Kf3
Kf6 40. Kf4 g5+ 41. Ke3 Ke5 42. a5 d5 43. exd5 exd5 44. a6 bxa6 45. Rxa6 Rb7
46. Kd3 Rb3+ 47. Kc2 Rf3 48. Rh6 Rf7 49. Kd3 Kf5 50. Kd4 Rd7 51. h3 Ra7 52.
Kxd5 Ra5+ 53. Kd4 Ra4+ 1/2-1/2

[Event "Women's Speed Chess Q5"]
[Site "chess.com INT"]
[Date "2020.06.22"]
[Round "9"]
[White "Nikulina, A."]
[Black "Zakirova, Aisha"]
[Result "0-1"]
[WhiteElo "1887"]
[BlackElo "1585"]
[PlyCount "98"]
[EventDate "2020.06.22"]
[EventType "swiss (blitz)"]
[EventRounds "13"]
[SourceTitle "Updates"]
[Source "OMOTB"]
[SourceDate "2020.10.26"]
[SourceVersion "3"]
[SourceVersionDate "2020.10.27"]
[SourceQuality "2"]

1. e4 c5 2. Nf3 d6 3. d4 cxd4 4. Nxd4 Nf6 5. Nc3 Nc6 6. Be2 e5 7. Nb3 Be7 8.
O-O O-O 9. f4 exf4 10. Bxf4 Be6 11. Qd2 d5 12. e5 Nd7 13. Nxd5 Ndxe5 14. Nxe7+
Qxe7 15. Qe3 Nc4 16. Qg3 Kh8 17. Bxc4 Bxc4 18. Bd6 Qe2 19. Bxf8 Rxf8 20. Rf2
Qe6 21. Rd1 a5 22. h3 a4 23. Nc5 Qe7 24. Qd6 Qxd6 25. Rxd6 Bxa2 26. Nxb7 Nb4
27. c3 Nd5 28. Nc5 Re8 29. Rxf7 Nf6 30. Ra7 Re1+ 31. Kh2 h6 32. Re6 Bxe6 33.
Rxa4 Bg8 34. Nd3 Rd1 35. Nf4 g5 36. Ng6+ Kg7 37. Ne7 Be6 38. Ra7 Bf7 39. b4 Rc1
40. Nf5+ Kg6 41. Nd6 Be6 42. b5 Rxc3 43. b6 Rb3 44. b7 Bd5 45. Kg1 h5 46. Kf2
Rb2+ 47. Ke1 g4 48. Kf1 Bxg2+ 49. Kg1 gxh3 0-1

[Event "Women's Speed Chess Q5"]
[Site "chess.com INT"]
[Date "2020.06.22"]
[Round "2"]
[White "Kazarian, Anna-Maja"]
[Black "Narva, M."]
[Result "0-1"]
[WhiteElo "2096"]
[BlackElo "2333"]
[PlyCount "114"]
[EventDate "2020.06.22"]
[EventType "swiss (blitz)"]
[EventRounds "13"]
[SourceTitle "Updates"]
[Source "OMOTB"]
[SourceDate "2020.10.26"]
[SourceVersion "3"]
[SourceVersionDate "2020.10.27"]
[SourceQuality "2"]

1. e4 c5 2. Nf3 Nc6 3. d4 cxd4 4. Nxd4 Nf6 5. Nc3 d6 6. Be2 e5 7. Nb3 Be6 8.
O-O Be7 9. Kh1 d5 10. exd5 Nxd5 11. Nxd5 Qxd5 12. Qxd5 Bxd5 13. f4 exf4 14.
Bxf4 O-O 15. Rad1 Be6 16. Bf3 Rac8 17. c3 b6 18. Bxc6 Rxc6 19. Nd4 Rc4 20. Nxe6
fxe6 21. Be5 Rxf1+ 22. Rxf1 Re4 23. Bb8 Re2 24. Rb1 a5 25. a4 Kf7 26. Bc7 Bc5
27. h3 Re4 28. b3 Ke7 29. b4 axb4 30. cxb4 Bxb4 31. Bxb6 Kd6 32. a5 Kc6 33. Ra1
Re1+ 34. Rxe1 Bxe1 35. Kg1 Kb5 36. Bd4 g6 37. Kf1 Bxa5 38. Ke2 Kc4 39. Bg7 Bb6
40. Bf8 e5 41. Bg7 e4 42. g4 Bd4 43. Bh6 Kd5 44. Bf4 Be5 45. Be3 Bf6 46. Bf4 g5
47. Be3 h6 48. Bd2 Bd4 49. Bc1 Ke5 50. Kf1 e3 51. Ke2 Kf4 52. Ba3 Kg3 53. Bf8
Kxh3 54. Kf3 h5 55. gxh5 g4+ 56. Ke2 g3 57. h6 g2 0-1